LEADER 01861nam a2200361 u 4500 001 000000048880 003 CaOOAMICUS 005 20070226115040.0 008 000602s2000 it u000 u ita u 020 $a8814079692 035 $a10849158 040 $aPUL$bita 100 1 $aCassano, Giuseppe.$0(OLS)http://pul/name/35446 245 13$aLe nuove frontiere del diritto di famiglia :$bil diritto a nascere sani; la maternità surrogata; la fecondazione artificiale eterologa; la fecondazione artificiale post mortem /$cGiuseppe Cassano. 260 $aMilano :$bGiuffrè,$c2000. 300 $aviii, 252 p. ;$c25 cm 490 1 $aIl diritto di famiglia e delle persone.$aStudi ;$v14 500 $aContiene appendici. 504 $aBibliografia in nota. 650 4$aBioetica.$0(OLS)http://pul/subject/2868 650 4$aMaternità.$0(OLS)http://pul/subject/20606 650 4$aProcreazione artificiale.$0(OLS)http://pul/subject/19802 830 3$aIl diritto di famiglia e delle persone.$pStudi ;$v14.$0(OLS)http://pul/title/53078 850 $aPUL 852 $aPUL$W1$xSL Diritto e Scienze Sociali 1$y4$m172 D 154$j65038$nBK-PRI$qStampati$q $B65038$CPULBib$Z2$F65038 $Hnull $81 852 $aPUL$W1$xDP2 Diritto e Scienze Sociali 3$y110$m346. 45017 CASGI 1$j175303$nBK-PRI$b $qDDC 21$B65039$CPULBib$Z2$F65039 $H84714 $81 941 1 $a9 941 1 $a8 961 $aINV: 81971 961 $aPrecedente Collocazione: DCiv 38 14 996 $6020$a8814079692$9(OLS)http://pul/number/61637 996 $6245$aLe nuove frontiere del diritto di famiglia :$bil diritto a nascere sani; la maternità surrogata; la fecondazione artificiale eterologa; la fecondazione artificiale post mortem$9(OLS)http://pul/title/65888 996 $6260$aMilano :$bGiuffrè$9(OLS)http://pul/publisher/48401 LEADER 02146nam a2200337 u 4500 001 000000076912 003 CaOOAMICUS 005 20070226123249.0 008 040109s2002 it u000 u eng u 035 $a10980502 040 $aPUL$bita 100 1 $aMaguiness, Gerard H.$0(OLS)http://pul/name/51194 245 10$aAssisted suicide, self-love and a life worth living :$ba re-examination of St. Thomas Aquina's arguments against suicide in the summa theologiae II, II, 64, 5, with reference to assisted suicide and euthanasia in the magisterium, and the writings of Peter Singer /$cGerard H. Maguiness. 260 $aRomae :$b[s.n.],$c2002. 300 $ax, 367 p. ;$c24 cm 500 $aIn testa al front.: "Pontificia Universitas Lateranensis. Accademia Alfonsiana. Institutum Superius Theologiae Moralis". 500 $a"Dissertatio ad Doctoratum in Theologia Morali Consequendum". 502 $aDiss. -- Pontificia Universitas Lateranensis, 2002. 504 $a"Bibliography": p. 336-367. 600 04$aThomas Aquinas,$cs.,$dc. 1225-1274$tSumma theologiae.$0(OLS)http://pul/subject/27688 650 4$aEutanasia.$0(OLS)http://pul/subject/13910 650 4$aSuicidio assistito.$0(OLS)http://pul/subject/26787 710 2 $aAccademia Alfonsiana. Istituto superiore di Teologia morale.$kTesi.$0(OLS)http://pul/name/81838 850 $aPUL 852 $aPUL$W1$xDP1 Tesi Acc. Alfonsiana$y28$mTH AC.ALF 511$j98783$nBK-PRI$b $qTesi$B98783$CPULBib$Z2$F98783 $HPUL94054 $81 910 $aPontificia Università Lateranense. $bAccademia Alfonsiana$981838 910 $aIstituto superiore di Teologia morale. Accademia Alfonsiana$981838 910 $aAcademia Alfonsiana. Institutum superius theologiae moralis$981838 941 1 $a16 996 $6245$aAssisted suicide, self-love and a life worth living :$ba re-examination of St. Thomas Aquina's arguments against suicide in the summa theologiae II, II, 64, 5, with reference to assisted suicide and euthanasia in the magisterium, and the writings of Peter Singer$9(OLS)http://pul/title/100817 996 $6260$aRomae :$b[s.n.]$9(OLS)http://pul/publisher/48223